[Event "Dutch Open 2013"]
[Site "Dieren NED"]
[Date "2013.07.25"]
[Round "3.6"]
[White "Belkhodja, Slim"]
[Black "Rietveld, Renze"]
[Result "1-0"]
[WhiteTitle "GM"]
[WhiteElo "2432"]
[BlackElo "2245"]
[WhiteFideId "600229"]
[BlackFideId "1013998"]
[EventDate "2012.07.23"]

1. e4 c5 2. Nf3 Nc6 3. Bb5 g6 4. O-O Bg7 5. c3 Nf6 6. e5 Nd5 7. d4 cxd4 8. cxd4
O-O 9. Nc3 Nxc3 10. bxc3 d6 11. exd6 Qxd6 12. a4 Rd8 13. Ba3 Qc7 14. Re1 Bf6 15.
Bxc6 bxc6 16. Qc1 Rd5 17. h3 Ba6 18. Re4 Rf5 19. Qe3 c5 20. g4 cxd4 21. cxd4
Rxf3 22. Qxf3 Bb7 23. Rb1 Bxe4 24. Qxe4 Rb8 25. Rxb8+ Qxb8 26. Bc5 Qb3 27. a5 a6
28. Qa8+ Kg7 29. Qxa6 Qxh3 30. Qe2 Qc3 31. Qe3 Qa1+ 32. Kg2 h6 33. Qa3 Qd1 34.
a6 Qxg4+ 35. Qg3 Qd7 36. Qf3 Bxd4 37. a7 Bxc5 38. a8=Q Bd4 39. Qa2 Bf6 40. Qad5
Qa4 41. Qfe4 Qa7 42. Qec4 e6 43. Qdb5 Qa1 44. Qb7 Qe5 45. Qcc7 1-0

[Event "Dutch Open 2013"]
[Site "Dieren NED"]
[Date "2013.07.25"]
[Round "3.7"]
[White "Hendriks, Willy"]
[Black "Ypma, Peter"]
[Result "1-0"]
[WhiteTitle "IM"]
[WhiteElo "2417"]
[BlackElo "2178"]
[WhiteFideId "1000713"]
[BlackFideId "1027255"]
[EventDate "2012.07.23"]

1. e4 e6 2. d4 d5 3. e5 c5 4. c3 Nc6 5. Nf3 Qb6 6. a3 c4 7. Nbd2 Na5 8. h4 Bd7
9. g3 h6 10. Bh3 O-O-O 11. O-O Kb8 12. Rb1 Qc7 13. Re1 Ne7 14. Kg2 Nc8 15. Nf1
Nb6 16. Qe2 Be7 17. N1h2 Rdg8 18. Be3 Ba4 19. Rh1 Qd8 20. Rbf1 Na8 21. Ne1 Nc7
22. h5 Qe8 23. Kg1 Qb5 24. Bg4 Qb3 25. Kg2 Rc8 26. f4 g6 27. Rf2 Qb5 28. Kg1 Rh7
29. Nf1 Rch8 30. Nf3 Qe8 31. Rfh2 Qg8 32. Rh3 Qg7 33. N3h2 Bd7 34. Qf2 Nc6 35.
Bd1 Re8 36. Ng4 Reh8 37. Qh2 Bf8 38. Nf6 Kc8 39. Bc2 b5 40. hxg6 fxg6 41. g4 a5
42. Qg2 Ne7 43. Ng3 Ne8 44. Nxh7 Rxh7 45. f5 exf5 46. gxf5 gxf5 47. Rxh6 Rxh6
48. Bxh6 Qf7 49. Bxf8 Qxf8 50. Nh5 a4 51. Nf4 Qf7 52. Rh8 Kb7 53. e6 Bxe6 54.
Rxe8 Qxe8 55. Nxe6 Qh5 56. Qg5 1-0

[Event "Dutch Open 2013"]
[Site "Dieren NED"]
[Date "2013.07.25"]
[Round "3.9"]
[White "Pijpers, Arthur"]
[Black "Evengroen, Henk-Jan"]
[Result "1-0"]
[WhiteElo "2338"]
[BlackElo "2027"]
[WhiteFideId "1019554"]
[BlackFideId "1019252"]
[EventDate "2012.07.23"]

1. e4 e5 2. Nf3 Nc6 3. Bb5 a6 4. Ba4 Nf6 5. O-O Be7 6. Re1 b5 7. Bb3 O-O 8. c3
d5 9. exd5 Nxd5 10. Nxe5 Nxe5 11. Rxe5 c6 12. Re1 Bd6 13. g3 Nf4 14. d4 Nh3+ 15.
Kg2 Qf6 16. Be3 Re8 17. Qf3 Bf5 18. Nd2 Bc7 19. Bc2 Bxc2 20. Qxf6 gxf6 21. Kxh3
Re6 22. Kg2 f5 23. f4 Ba5 24. a3 Bb6 25. Kf2 Rd8 26. Nf3 h6 27. Rac1 Be4 28.
Rcd1 Kg7 29. Ne5 h5 30. Nf3 h4 31. Nxh4 Rh8 32. Rd2 Rxh4 33. gxh4 Bd8 34. Kf1
Bxh4 35. Bf2 Bxf2 36. Kxf2 Rh6 37. Rg1+ Kf6 38. Ke3 Ke6 39. Rf2 Kd5 40. b3 a5
41. Rg8 Rh3+ 42. Rg3 Rh8 43. h3 a4 44. bxa4 Ra8 45. axb5 Rxa3 46. Rb2 cxb5 47.
Rxb5+ Kd6 48. Rc5 Ra1 49. Rg8 Rf1 50. Rg3 Rd1 51. Ke2 Rh1 52. Re3 Rh2+ 53. Ke1
Rh1+ 54. Kf2 f6 55. Ra5 Rh2+ 56. Kg3 Rg2+ 57. Kh4 Rf2 58. Kh5 Rxf4 59. Kg6 Ke6
60. Ra6+ Kd5 61. Kxf6 1-0

[Event "Dutch Open 2013"]
[Site "Dieren NED"]
[Date "2013.07.25"]
[Round "3.10"]
[White "Admiraal, Miguoel"]
[Black "Losekoot, Pascal"]
[Result "1-0"]
[WhiteTitle "FM"]
[WhiteElo "2320"]
[BlackElo "2101"]
[WhiteFideId "1019716"]
[BlackFideId "1012410"]
[EventDate "2012.07.23"]

1. d4 Nf6 2. Bg5 e6 3. e3 d5 4. Nd2 Nbd7 5. Bd3 c6 6. c3 Be7 7. f4 b6 8. Qe2 Bb7
9. Ngf3 a5 10. O-O O-O 11. Ne5 c5 12. Qf3 Ba6 13. Bxa6 Rxa6 14. Nc6 Qe8 15. e4
h6 16. Bh4 dxe4 17. Nxe4 cxd4 18. cxd4 Kh8 19. Rfe1 Rg8 20. Rac1 Bf8 21. Nxf6
Nxf6 22. Bxf6 gxf6 23. f5 b5 24. fxe6 fxe6 25. d5 e5 26. Qxf6+ Bg7 27. Qf5 Rf8
28. Qe4 Qh5 29. Rf1 Rf4 30. Rxf4 exf4 31. d6 f3 32. d7 Ra8 33. d8=Q+ Rxd8 34.
Nxd8 f2+ 35. Kxf2 1-0

[Event "Dutch Open 2013"]
[Site "Dieren NED"]
[Date "2013.07.26"]
[Round "4.1"]
[White "Hendriks, Willy"]
[Black "L'Ami, Erwin"]
[Result "0-1"]
[WhiteTitle "IM"]
[BlackTitle "GM"]
[WhiteElo "2417"]
[BlackElo "2640"]
[WhiteFideId "1000713"]
[BlackFideId "1007998"]
[EventDate "2012.07.23"]

1. e4 e6 2. d4 d5 3. e5 c5 4. c3 Nc6 5. Nf3 Qb6 6. a3 Bd7 7. b4 cxd4 8. cxd4 Rc8
9. Bb2 Nge7 10. Nc3 Na5 11. Na4 Qc6 12. Nc5 Nc4 13. Bc1 b6 14. Nxd7 Qxd7 15. Bd3
Nc6 16. O-O b5 17. h4 h6 18. h5 a6 19. Bb1 Be7 20. Qe2 a5 21. bxa5 Ra8 22. Bd3
Rxa5 23. Bd2 Rxa3 24. Rxa3 Bxa3 25. Rb1 b4 26. Bxc4 dxc4 27. Qxc4 O-O 28. Be3
Rc8 29. Qa6 Ne7 30. Nd2 Qc7 31. Rb3 Qc2 32. Kh2 Qd1 33. Bxh6 gxh6 34. Rg3+ Kh8
35. Ne4 Qxd4 36. Nd6 Qh4+ 37. Rh3 Qf4+ 38. Rg3 Rf8 0-1

[Event "Dutch Open 2013"]
[Site "Dieren NED"]
[Date "2013.07.26"]
[Round "4.2"]
[White "Sethuraman, S.P."]
[Black "Pijpers, Arthur"]
[Result "1-0"]
[WhiteTitle "GM"]
[WhiteElo "2562"]
[BlackElo "2338"]
[WhiteFideId "5021596"]
[BlackFideId "1019554"]
[EventDate "2012.07.23"]

1. d4 d5 2. c4 c6 3. Nc3 Nf6 4. e3 Bf5 5. Nf3 e6 6. Nh4 Be4 7. f3 Bg6 8. Qb3 Qb6
9. Nxg6 hxg6 10. g3 Nbd7 11. Bd2 O-O-O 12. Qc2 Kb8 13. c5 Qc7 14. b4 e5 15. b5
exd4 16. exd4 Nh5 17. Ne2 Ka8 18. g4 Ng3 19. b6 axb6 20. hxg3 Rxh1 21. Bf4 1-0

[Event "Dutch Open 2013"]
[Site "Dieren NED"]
[Date "2013.07.26"]
[Round "4.4"]
[White "Zakhartsov, Viacheslav V."]
[Black "Akshat, Khamparia"]
[Result "1/2-1/2"]
[WhiteTitle "GM"]
[BlackTitle "IM"]
[WhiteElo "2560"]
[BlackElo "2354"]
[WhiteFideId "4115333"]
[BlackFideId "5016541"]
[EventDate "2012.07.23"]

1. d4 Nf6 2. c4 g6 3. Nc3 Bg7 4. e4 d6 5. f3 O-O 6. Be3 c6 7. Nge2 a6 8. c5 b5
9. cxd6 exd6 10. Nf4 Nbd7 11. Be2 Nb6 12. O-O Nfd7 13. Rc1 Bb7 14. Qd2 Qe7 15.
Rfd1 Rfe8 16. Bf2 Rac8 17. Bf1 b4 18. Nce2 d5 19. exd5 cxd5 20. b3 a5 21. Rxc8
Rxc8 22. Rc1 Qd8 23. Nd3 Rxc1 24. Qxc1 Qc8 25. Qd2 Bf8 26. h4 Na8 27. Nef4 Nc7
28. Qc1 Qd8 29. Nb2 Bd6 30. Na4 Qf6 31. Nd3 Ne6 32. Ndc5 Ndxc5 33. Nxc5 Nxc5 34.
dxc5 Bf4 35. Qe1 Bc6 36. Qe2 d4 37. Qa6 Be3 38. Bb5 Qxh4 39. Bxe3 Qe1+ 40. Kh2
Qh4+ 41. Kg1 Qe1+ 42. Kh2 1/2-1/2

[Event "Dutch Open 2013"]
[Site "Dieren NED"]
[Date "2013.07.26"]
[Round "4.5"]
[White "De Jong, Migchiel"]
[Black "Sengupta, Deep"]
[Result "1/2-1/2"]
[WhiteTitle "IM"]
[BlackTitle "GM"]
[WhiteElo "2345"]
[BlackElo "2555"]
[WhiteFideId "1002848"]
[BlackFideId "5008352"]
[EventDate "2012.07.23"]

1. e4 e6 2. d4 d5 3. Nc3 Bb4 4. a3 Bxc3+ 5. bxc3 dxe4 6. Qg4 Nf6 7. Qxg7 Rg8 8.
Qh6 c5 9. Ne2 Bd7 10. a4 Bc6 11. dxc5 Nbd7 12. Nd4 Rg6 13. Nxc6 bxc6 14. Qh3 Qa5
15. Ra3 O-O-O 16. Be2 Rdg8 17. g3 Nd5 18. O-O f5 19. c4 N5f6 20. Rd1 Nxc5 21.
Be3 1/2-1/2

[Event "Dutch Open 2013"]
[Site "Dieren NED"]
[Date "2013.07.26"]
[Round "4.6"]
[White "Pruijssers, Roeland"]
[Black "Admiraal, Miguoel"]
[Result "1/2-1/2"]
[WhiteTitle "GM"]
[BlackTitle "FM"]
[WhiteElo "2549"]
[BlackElo "2320"]
[WhiteFideId "1013068"]
[BlackFideId "1019716"]
[EventDate "2012.07.23"]

1. e4 e5 2. Nf3 Nf6 3. Nxe5 d6 4. Nf3 Nxe4 5. Nc3 Nxc3 6. dxc3 Be7 7. Bf4 O-O 8.
Qd2 Nd7 9. O-O-O Nc5 10. Kb1 Re8 11. Bc4 Bf6 12. Rhe1 Be6 13. Bxe6 Nxe6 14. Be3
Qd7 15. Qd5 a5 16. g4 g6 17. Nd2 Qc6 18. Ne4 Bg7 19. Qd3 b6 20. g5 Rad8 21. c4
Rb8 22. f3 b5 23. cxb5 Rxb5 24. b3 Rf5 25. Rf1 a4 26. h4 Ra8 27. Rf2 Raa5 28.
Rh1 Rad5 29. Qe2 Rde5 30. Qd3 Rd5 31. Qe2 Rde5 32. Qd3 Rd5 1/2-1/2

[Event "Dutch Open 2013"]
[Site "Dieren NED"]
[Date "2013.07.26"]
[Round "4.7"]
[White "Von Meijenfeldt, Bart"]
[Black "Belkhodja, Slim"]
[Result "0-1"]
[BlackTitle "GM"]
[WhiteElo "2184"]
[BlackElo "2432"]
[WhiteFideId "1032259"]
[BlackFideId "600229"]
[EventDate "2012.07.23"]

1. e4 c5 2. Nf3 Nc6 3. d4 cxd4 4. Nxd4 e5 5. Nb5 d6 6. N1c3 a6 7. Na3 Be6 8. Nc4
b5 9. Ne3 Nf6 10. Ned5 Be7 11. Nxe7 Nxe7 12. Bg5 b4 13. Bxf6 bxc3 14. Bxe7 Kxe7
15. b3 d5 16. Bd3 dxe4 17. Bxe4 Qxd1+ 18. Rxd1 Rad8 19. Ke2 a5 20. Rd3 Rxd3 21.
cxd3 f5 22. Bb7 a4 23. Rc1 Rb8 24. Ba6 axb3 25. axb3 Rxb3 26. Bc4 Bxc4 27. dxc4
Kd6 28. Kd3 Kc5 29. g4 e4+ 30. Ke3 fxg4 31. Rg1 c2+ 32. Kd2 Rb1 0-1

[Event "Dutch Open 2013"]
[Site "Dieren NED"]
[Date "2013.07.26"]
[Round "4.8"]
[White "Zakhartsov, Vladimir"]
[Black "Zwirs, Nico"]
[Result "1-0"]
[WhiteElo "2324"]
[BlackElo "2250"]
[WhiteFideId "4145097"]
[BlackFideId "1036432"]
[EventDate "2012.07.23"]

1. e4 e5 2. Nf3 d6 3. d4 exd4 4. Nxd4 g6 5. Nc3 Bg7 6. Be3 Nf6 7. Qd2 O-O 8.
O-O-O Nc6 9. f3 Nxd4 10. Bxd4 Be6 11. g4 c5 12. Be3 Qa5 13. Kb1 b5 14. Nd5 Qa6
15. g5 Bxd5 16. exd5 Nd7 17. h4 Rfe8 18. h5 Nb6 19. hxg6 hxg6 20. Qf2 Na4 21.
Bc1 Qa5 22. Qd2 Qxd2 23. Rxd2 Re1 24. Re2 Rxe2 25. Bxe2 c4 26. Rh4 Re8 27. Re4
Rxe4 28. fxe4 Be5 29. Bg4 Nc5 30. Bf3 a5 31. Be3 Na4 32. c3 b4 33. Bd1 Nc5 34.
cxb4 axb4 35. Bxc5 dxc5 36. a4 bxa3 37. bxa3 Kf8 38. a4 Ke7 39. a5 Kd6 40. Be2
c3 41. Bb5 f6 42. a6 Kc7 43. d6+ Bxd6 44. gxf6 g5 45. f7 Kb6 46. Kc2 g4 47. Kxc3
g3 48. Bf1 g2 49. Bxg2 Kxa6 50. Kc4 Kb6 51. Kd5 Kc7 52. Bf1 Bf8 53. Ke6 Kc6 54.
Bc4 Bg7 55. Ke7 Kc7 56. f8=Q Bxf8+ 57. Kxf8 Kd6 58. Bd3 Ke5 59. Ke7 c4 60. Bb1 1-0

[Event "Dutch Open 2013"]
[Site "Dieren NED"]
[Date "2013.07.26"]
[Round "4.9"]
[White "Beukema, Stefan"]
[Black "Hachijan, Armen"]
[Result "1-0"]
[WhiteTitle "FM"]
[WhiteElo "2295"]
[BlackElo "2214"]
[WhiteFideId "1024523"]
[BlackFideId "1028081"]
[EventDate "2012.07.23"]

1. e4 c5 2. Nf3 e6 3. d4 cxd4 4. Nxd4 a6 5. c4 Nf6 6. Nc3 d6 7. Be3 Be7 8. Be2
O-O 9. O-O Nc6 10. f4 Bd7 11. Nc2 Rc8 12. b4 Qc7 13. a3 b5 14. cxb5 Nd8 15. Bd4
axb5 16. Ne3 Qb7 17. e5 dxe5 18. fxe5 Ne8 19. Qd3 Nc6 20. Nxb5 Nxd4 21. Nxd4 Bd8
22. Kh1 Bc7 23. Nf3 Rd8 24. Ng5 g6 25. Ng4 Kg7 26. Qh3 h5 27. Rf2 Bb6 28. Rf4
Bc6 29. Raf1 Rd2 30. Bf3 Qa6 31. Bxc6 1-0

[Event "Dutch Open 2013"]
[Site "Dieren NED"]
[Date "2013.07.26"]
[Round "4.10"]
[White "Den Hartog, Marijn"]
[Black "Van Foreest, Jorden"]
[Result "0-1"]
[WhiteElo "1916"]
[BlackElo "2276"]
[WhiteFideId "1046098"]
[BlackFideId "1039784"]
[EventDate "2012.07.23"]

1. e4 e5 2. Nf3 Nc6 3. Bb5 a6 4. Ba4 Nge7 5. d4 exd4 6. Nxd4 g6 7. Nxc6 Nxc6 8.
Bxc6 bxc6 9. Qd4 f6 10. O-O Bg7 11. Qc4 Qe7 12. Bd2 Rb8 13. Bc3 c5 14. f4 d6 15.
f5 Bd7 16. a4 Bc6 17. Re1 Bb7 18. Ba5 Bh6 19. Nc3 Kf8 20. Nd5 Qf7 21. Bxc7 Re8
22. Bxd6+ Kg7 23. fxg6 hxg6 24. Qxc5 Rc8 25. Qd4 Rxc2 26. Nxf6 Rd2 27. Qc3 Rc8
28. Qg3 Rxd6 29. Nh5+ Kh7 30. Qxd6 gxh5 31. Rf1 Qg7 32. Qe6 Qd4+ 33. Kh1 Qxe4
34. Qf7+ Kh8 35. Qf6+ Bg7 36. Qg5 Rc5 37. Qd8+ Kh7 38. Rf2 h4 39. Qd1 h3 40.
Qh5+ Rxh5 0-1

[Event "Dutch Open 2013"]
[Site "Dieren NED"]
[Date "2013.07.27"]
[Round "5.2"]
[White "Belkhodja, Slim"]
[Black "Zakhartsov, Viacheslav V."]
[Result "1/2-1/2"]
[WhiteTitle "GM"]
[BlackTitle "GM"]
[WhiteElo "2432"]
[BlackElo "2560"]
[WhiteFideId "600229"]
[BlackFideId "4115333"]
[EventDate "2012.07.23"]

1. e4 c5 2. Nf3 e6 3. d4 cxd4 4. Nxd4 a6 5. Nc3 Qc7 6. g3 Bb4 7. Ne2 Nf6 8. Bg2
Be7 9. O-O Nc6 10. h3 d6 11. a4 Bd7 12. Be3 Rc8 13. g4 h6 14. f4 g5 15. e5 dxe5
16. fxg5 hxg5 17. Ng3 Rg8 18. Qf3 Rg7 19. Nce4 Nxe4 20. Qxe4 Nd4 21. Nh5 Ne2+
22. Kh1 Rg6 23. Qxb7 Nf4 24. Bxf4 exf4 25. Qxa6 e5 26. Qe2 Bc6 27. Rfe1 Kf8 28.
c3 e4 29. Bxe4 Re6 30. Qg2 Rxe4 31. Rxe4 Qb7 32. Rae1 Bc5 33. Kh2 Be3 34. Nf6
Kg7 35. Qc2 Kxf6 36. R4xe3 fxe3 37. Qf5+ Kg7 38. Qxg5+ Kf8 39. Qh6+ Kg8 40. Qg5+
Kf8 41. Qh6+ Kg8 42. Qg5+ Kf8 43. Qh6+ Kg8 1/2-1/2

[Event "Dutch Open 2013"]
[Site "Dieren NED"]
[Date "2013.07.27"]
[Round "5.3"]
[White "Greenfeld, Alon"]
[Black "Beukema, Stefan"]
[Result "1-0"]
[WhiteTitle "GM"]
[BlackTitle "FM"]
[WhiteElo "2561"]
[BlackElo "2295"]
[WhiteFideId "2800039"]
[BlackFideId "1024523"]
[EventDate "2012.07.23"]

1. d4 f5 2. Bg5 h6 3. Bh4 g5 4. e3 Nf6 5. Bg3 Bg7 6. h4 g4 7. Nc3 d6 8. Nge2 Nh5
9. f3 Nc6 10. fxg4 fxg4 11. Qd3 O-O 12. Qg6 e5 13. O-O-O Rf5 14. Bh2 Nf6 15. e4
Ne7 16. exf5 Nxg6 17. fxg6 exd4 18. Nxd4 Qe8 19. Bc4+ Kh8 20. Bf7 Qe3+ 21. Kb1
Bd7 22. Rhe1 Qf2 23. Re2 Qxh4 24. g3 Qh3 25. Rf2 Nh5 26. Nde2 Bc6 27. Ng1 Qg2
28. Rxg2 Bxg2 29. Nge2 Rb8 30. Bg1 b5 31. Bxa7 Rb7 32. Bd4 b4 33. Nd5 Bf3 34.
Re1 c6 35. Nef4 Rb8 36. Bxg7+ Nxg7 37. Nf6 d5 38. N4h5 d4 39. Re7 Rf8 40. Nxg7 1-0

[Event "Dutch Open 2013"]
[Site "Dieren NED"]
[Date "2013.07.27"]
[Round "5.4"]
[White "Sengupta, Deep"]
[Black "Zakhartsov, Vladimir"]
[Result "1-0"]
[WhiteTitle "GM"]
[WhiteElo "2555"]
[BlackElo "2324"]
[WhiteFideId "5008352"]
[BlackFideId "4145097"]
[EventDate "2012.07.23"]

1. c4 e5 2. g3 Nf6 3. Bg2 c6 4. d4 d6 5. Nc3 Be6 6. d5 cxd5 7. cxd5 Bd7 8. e4 b5
9. a3 a5 10. Qe2 Qb6 11. Bh3 Bxh3 12. Nxh3 Na6 13. O-O Rb8 14. Be3 Qb7 15. a4
bxa4 16. Rxa4 Nc7 17. Rxa5 Qb3 18. Ra7 Nb5 19. Nxb5 Qxb5 20. Qxb5+ Rxb5 21. Ra8+
Ke7 22. Rc1 Nxe4 23. Rcc8 Rxb2 24. Ng5 Nxg5 25. Bxg5+ Kd7 26. Rd8+ Kc7 27. Rac8+ 1-0

[Event "Dutch Open 2013"]
[Site "Dieren NED"]
[Date "2013.07.27"]
[Round "5.5"]
[White "Van Foreest, Jorden"]
[Black "Pruijssers, Roeland"]
[Result "1-0"]
[BlackTitle "GM"]
[WhiteElo "2276"]
[BlackElo "2549"]
[WhiteFideId "1039784"]
[BlackFideId "1013068"]
[EventDate "2012.07.23"]

1. Nf3 d6 2. d4 g6 3. e4 Nf6 4. Nc3 Bg7 5. h3 O-O 6. Be3 c6 7. a4 Nbd7 8. Be2 e5
9. O-O exd4 10. Qxd4 Nd5 11. Qd2 Nxe3 12. Qxe3 Re8 13. Qf4 Qb6 14. Bc4 Rf8 15.
Bb3 Ne5 16. a5 Qc5 17. Nxe5 Bxe5 18. Qd2 Be6 19. Na4 Qd4 20. Qxd4 Bxd4 21. Rad1
Bxb3 22. Rxd4 Bxc2 23. Nc3 Rfd8 24. Rc1 Bb3 25. Rb4 Be6 26. Rxb7 d5 27. exd5
cxd5 28. Ne2 d4 29. Nf4 Bc8 30. Re7 g5 31. Nd3 Bf5 32. Rd1 Rd5 33. g4 Be6 34. b4
Bd7 35. Re5 Rb5 36. Nc5 f6 37. Re7 Bc6 38. Rxd4 Rab8 39. Nd3 Be8 40. Rxa7 Bg6
41. Kg2 h5 42. gxh5 Bxh5 43. Rdd7 Rf5 44. Rg7+ Kf8 45. Kg1 Rd8 46. Rh7 Kg8 47.
Rag7+ Kf8 48. Rh8+ Kxg7 49. Rxd8 Bf3 50. a6 g4 51. a7 1-0

[Event "Dutch Open 2013"]
[Site "Dieren NED"]
[Date "2013.07.27"]
[Round "5.6"]
[White "Admiraal, Miguoel"]
[Black "Goudriaan, Etienne"]
[Result "0-1"]
[WhiteTitle "FM"]
[BlackTitle "FM"]
[WhiteElo "2320"]
[BlackElo "2369"]
[WhiteFideId "1019716"]
[BlackFideId "1021150"]
[EventDate "2012.07.23"]

1. d4 d5 2. Bf4 Nf6 3. e3 c5 4. c3 Nc6 5. Nd2 Bf5 6. Ngf3 Qb6 7. Nh4 Bd7 8. Qb3
h6 9. Qxb6 axb6 10. Bc7 cxd4 11. exd4 b5 12. Bxb5 Nxd4 13. Bxd7+ Kxd7 14. cxd4
Kxc7 15. Nhf3 Nd7 16. Ke2 Ra6 17. Rhc1+ Rc6 18. Rxc6+ bxc6 19. Rc1 e6 20. Ne5
Nxe5 21. dxe5 Be7 22. Rc3 f6 23. Nf3 Rb8 24. b3 Rb4 25. Re3 Bc5 26. Rc3 Re4+ 27.
Kf1 Kb6 28. exf6 gxf6 29. Rd3 Rf4 30. g3 Rf5 31. Nd4 Bxd4 32. Rxd4 e5 33. Ra4 e4
34. Ke2 Rf3 35. Ra8 d4 36. Rh8 Kc5 37. Rxh6 d3+ 38. Ke1 Kd4 39. Rh4 d2+ 40. Kxd2
Rxf2+ 41. Ke1 Rxa2 42. Rh8 Ke3 43. Kd1 Ra1+ 44. Kc2 Ke2 45. Rc8 Ra6 46. Re8 e3
47. Re6 f5 48. Re5 Ra2+ 49. Kb1 Rd2 50. Rxf5 Kd3 51. Kc1 Rc2+ 52. Kb1 e2 53. Re5
Rd2 54. Rb5 e1=R# 0-1

[Event "Dutch Open 2013"]
[Site "Dieren NED"]
[Date "2013.07.27"]
[Round "5.7"]
[White "Akshat, Khamparia"]
[Black "De Jong, Migchiel"]
[Result "1-0"]
[WhiteTitle "IM"]
[BlackTitle "IM"]
[WhiteElo "2354"]
[BlackElo "2345"]
[WhiteFideId "5016541"]
[BlackFideId "1002848"]
[EventDate "2012.07.23"]

1. d4 e6 2. c4 Bb4+ 3. Nc3 d5 4. Nf3 Ne7 5. g3 O-O 6. Bg2 c5 7. a3 Bxc3+ 8. bxc3
dxc4 9. O-O Nbc6 10. e4 cxd4 11. cxd4 b5 12. Rb1 Rb8 13. Bf4 Rb6 14. Be3 Rb8 15.
Qe2 Qa5 16. Rfd1 c3 17. Bf4 Rb7 18. d5 Nd8 19. Nd4 Qxa3 20. Rb3 Qa5 21. Rxb5
Rxb5 22. Qxb5 c2 23. Rc1 Qxb5 24. Nxb5 a6 25. Nc7 f6 26. Rxc2 Kf7 27. Be3 exd5
28. exd5 a5 29. Nb5 Ba6 30. Nd6+ Kg8 31. Rc7 Ng6 32. Ra7 Be2 33. Rxa5 Ne5 34. f4
Nef7 35. Nf5 Re8 36. d6 Bd3 37. Ne7+ Kf8 38. Bc5 Ne6 39. Ba3 Rd8 40. Nc6 Rd7 41.
Ra8+ Ned8 42. Nxd8 Nxd8 43. Bc6 1-0

[Event "Dutch Open 2013"]
[Site "Dieren NED"]
[Date "2013.07.27"]
[Round "5.8"]
[White "Heemskerk, Wim"]
[Black "Hendriks, Willy"]
[Result "0-1"]
[WhiteTitle "FM"]
[BlackTitle "IM"]
[WhiteElo "2239"]
[BlackElo "2417"]
[WhiteFideId "1001000"]
[BlackFideId "1000713"]
[EventDate "2012.07.23"]

1. c4 g6 2. Nc3 Bg7 3. g3 e5 4. Bg2 d6 5. Nf3 Nf6 6. d3 O-O 7. O-O Re8 8. e4 c6
9. Rb1 d5 10. exd5 cxd5 11. Bg5 dxc4 12. dxc4 Qxd1 13. Rbxd1 Nc6 14. Rfe1 h6 15.
Bxf6 Bxf6 16. Nd5 Bd8 17. Nd2 Kg7 18. Ne4 Ba5 19. Re3 Rd8 20. Rb1 Bf5 21. Ra3
Rac8 22. Ne7 Nxe7 23. Rxa5 Rxc4 24. Re1 Nc6 25. Rb5 Nd4 26. Rxe5 Rc2 27. Nc3
Rxb2 28. h3 Rc8 29. R1e3 Be6 30. g4 b6 31. a4 g5 32. Bf1 Rb3 33. Rd3 Nc6 34. Rb5
Ra3 35. Ne4 Ra1 36. Nd6 Rd8 37. Kg2 Rxa4 38. Nf5+ Bxf5 39. Rxf5 Rxd3 40. Bxd3
Nd4 41. Re5 Ne6 42. Bf5 Nf4+ 43. Kg3 Ra3+ 0-1

[Event "Dutch Open 2013"]
[Site "Dieren NED"]
[Date "2013.07.27"]
[Round "5.9"]
[White "Pijpers, Arthur"]
[Black "Von Meijenfeldt, Bart"]
[Result "1/2-1/2"]
[WhiteElo "2338"]
[BlackElo "2184"]
[WhiteFideId "1019554"]
[BlackFideId "1032259"]
[EventDate "2012.07.23"]

1. e4 d6 2. d4 f5 3. exf5 Bxf5 4. Bd3 Qd7 5. Nf3 Nf6 6. O-O Nc6 7. Re1 Bxd3 8.
Qxd3 O-O-O 9. Bg5 h6 10. Bxf6 gxf6 11. d5 Ne5 12. Nxe5 dxe5 13. c4 Rg8 14. Nc3
Qg4 15. Qg3 e6 16. Ne4 Bb4 17. Qxg4 Rxg4 18. h3 Rg6 1/2-1/2

[Event "Dutch Open 2013"]
[Site "Dieren NED"]
[Date "2013.07.27"]
[Round "5.10"]
[White "Vos, Tjark"]
[Black "Wempe, Joost"]
[Result "0-1"]
[WhiteElo "2034"]
[BlackElo "2271"]
[WhiteFideId "1020870"]
[BlackFideId "1005502"]
[EventDate "2012.07.23"]

1. e4 e6 2. d4 d5 3. Nd2 Nf6 4. e5 Nfd7 5. Bd3 c5 6. c3 Nc6 7. Ne2 cxd4 8. cxd4
f6 9. exf6 Nxf6 10. O-O Bd6 11. Nf3 Qc7 12. Bg5 O-O 13. Bh4 Nh5 14. Qc2 h6 15.
Bh7+ Kh8 16. Bg6 Rxf3 17. Bxh5 Rf5 18. Bg4 Rf8 19. Bg3 e5 20. dxe5 Bxe5 21. Bxc8
Raxc8 22. Rad1 Qf7 23. Qb3 Rcd8 24. Bxe5 Nxe5 25. Qe3 Rde8 26. Nc3 Nc6 27. Qd2
d4 28. Ne2 Rd8 29. Nc1 Rd5 30. b3 Ne5 31. Nd3 Nf3+ 32. gxf3 Rg5+ 33. Qxg5 hxg5
34. Ne5 Qf5 35. Ng4 Rd8 36. Rfe1 Qxf3 37. Ne5 Qf5 38. Nd3 Rd6 39. Rd2 Rh6 40.
Ne5 Re6 41. Nd3 Rh6 42. Ne5 Qf4 43. Rd3 Qxh2+ 44. Kf1 Qf4 0-1

[Event "Dutch Open 2013"]
[Site "Dieren NED"]
[Date "2013.07.29"]
[Round "6.1"]
[White "Greenfeld, Alon"]
[Black "L'Ami, Erwin"]
[Result "1/2-1/2"]
[WhiteTitle "GM"]
[BlackTitle "GM"]
[WhiteElo "2561"]
[BlackElo "2640"]
[WhiteFideId "2800039"]
[BlackFideId "1007998"]
[EventDate "2012.07.23"]

1. d4 Nf6 2. c4 e6 3. Nf3 b6 4. g3 Bb4+ 5. Bd2 Bxd2+ 6. Qxd2 Ba6 7. b3 d5 8. Bg2
O-O 9. O-O c6 10. Ne5 Nfd7 11. Nc3 Nxe5 12. dxe5 Nd7 13. f4 Qe7 14. Rfd1 Rfd8
15. cxd5 cxd5 16. e4 Rac8 17. Rac1 d4 18. Qxd4 Nc5 19. Qb4 Qe8 20. Rxd8 Rxd8 21.
Rd1 Nd3 22. Qa4 Qe7 23. b4 Qc7 24. Ne2 Bc4 25. h3 Nb2 26. Rxd8+ Qxd8 27. Qc2
Qd1+ 28. Qxd1 Nxd1 29. Nd4 Bxa2 30. Nc6 1/2-1/2

[Event "Dutch Open 2013"]
[Site "Dieren NED"]
[Date "2013.07.29"]
[Round "6.2"]
[White "Goudriaan, Etienne"]
[Black "Sengupta, Deep"]
[Result "0-1"]
[WhiteTitle "FM"]
[BlackTitle "GM"]
[WhiteElo "2369"]
[BlackElo "2555"]
[WhiteFideId "1021150"]
[BlackFideId "5008352"]
[EventDate "2012.07.23"]

1. d4 d5 2. c4 e6 3. Nc3 c6 4. e4 dxe4 5. Nxe4 Bb4+ 6. Bd2 Qxd4 7. Bxb4 Qxe4+ 8.
Be2 Na6 9. Bd6 Qxg2 10. Qd2 Nf6 11. Bf3 Qg6 12. Ne2 e5 13. Bxe5 Bg4 14. Rg1 Qf5
15. Bxf6 Qxf3 16. Bxg7 Rg8 17. O-O-O Rxg7 18. Qd4 f6 19. Rd3 c5 20. Re3+ Kf7 21.
Qd6 Qf5 22. Re7+ Kg8 23. Rxg7+ Kxg7 24. Qf4 Kh8 25. Rxg4 Qe6 26. a3 f5 27. Rg3
Qxe2 28. Re3 Qf1+ 29. Kd2 Rd8+ 30. Kc3 Qc1+ 31. Kb3 Qd1+ 32. Ka2 Qd4 33. Qg5 Nb8
34. Rd3 Qxc4+ 35. Ka1 Rxd3 36. Qf6+ Kg8 37. Qg5+ Kf7 38. Qxf5+ Ke7 39. Qxh7+ Kd6
40. Qg6+ Kc7 0-1